| 000 | 00408nam a2200121Ia 4500 | ||
|---|---|---|---|
| 008 | 180117s9999 xx 000 0 und d | ||
| 100 | _aBY Antoinio La Vina, Margarita Reyes, and Elirozz Labaria | ||
| 245 | 4 | _aThe Philippines, Climate Change, and the Paris Agreement | |
| 260 | _c2017 | ||
| 300 | _a13-16 pages, 2017 March 26 | ||
| 440 | _aPhilippine Panorama | ||
| 650 | _aCLIMATE CHANGE AND PARIS AGREEMENT | ||
| 999 |
_c353565 _d353565 |
||